Fish friends forever / written by Kerry Ferguson ; ... Read More
Available copies
- 1 of 1 copy available at LARL/NWRL Consortium.
- 1 of 1 copy available at Northwest Regional Library. (Show preferred library)
Current holds
0 current holds with 1 total copy.
Show Only Available Copies
| Location | Call Number / Copy Notes | Barcode | Shelving Location | Status | Due Date |
|---|---|---|---|---|---|
| Red Lake Falls Public Library | e FER (Text) | 35500006884603 | Main | Available | - |
Record details
- ISBN: 9780593700204
- ISBN: 0593700201
- Physical Description: 1 volume (unpaged) : colour illustrations ; 27 cm
- Publisher: New York, New York : Rocky Pond Books, 2025.
- Copyright: ©2025
Content descriptions
| Summary, etc.: | "This touching story of losing a dear pet and ... Read More |
Search for related items by subject
| Subject: | Pet loss > Juvenile fiction. Pets > Death > Juvenile fiction. Fishes > Juvenile fiction. Friendship > Juvenile fiction. Mothers and daughters > Juvenile fiction. |
| Genre: | Picture books. |
| LDR | 02454cam a2200457 i 4500 | ||
|---|---|---|---|
| 001 | 471522 | ||
| 003 | LARL_NWRL_CONSORTIUM | ||
| 005 | 20250916113327.0 | ||
| 008 | 241115t20252025nyua j 000 1 eng d | ||
| 040 | . | ‡aYDX ‡beng ‡erda ‡cYDX ‡dBDX ‡dOCLCO ‡dOCLCQ ‡dIG# ‡dTOH ‡dOCLCO ‡dJAS ‡dSINLB ‡dOCLCO ‡dNYP ‡dILC ‡dYBM ‡dOCLCO | |
| 020 | . | ‡a9780593700204 ‡qhardcover | |
| 020 | . | ‡a0593700201 ‡qhardcover | |
| 035 | . | ‡a(OCoLC)1468661304 | |
| 082 | 1 | 4. | ‡a[E] ‡223 |
| 090 | . | ‡aPZ7.1.F446 ‡bFi 2025 | |
| 100 | 1 | . | ‡aFerguson, Kerry, ‡eauthor. |
| 245 | 1 | 0. | ‡aFish friends forever / ‡cwritten by Kerry Ferguson ; illustrated by Aliaa Betawi. |
| 264 | 1. | ‡aNew York, New York : ‡bRocky Pond Books, ‡c2025. | |
| 264 | 4. | ‡c©2025 | |
| 300 | . | ‡a1 volume (unpaged) : ‡bcolour illustrations ; ‡c27 cm | |
| 336 | . | ‡atext ‡btxt ‡2rdacontent | |
| 336 | . | ‡astill image ‡bsti ‡2rdacontent | |
| 337 | . | ‡aunmediated ‡bn ‡2rdamedia | |
| 338 | . | ‡avolume ‡bnc ‡2rdacarrier | |
| 520 | . | ‡a"This touching story of losing a dear pet and learning how to move forward is told in endearing diary entries and tender, childlike art. "Whoop-a-loop and wahoo!" writes the young girl in her diary on the day she welcomes her pet fish, Frank, into her home. She and Frank play games such as Hide and seek and Who can hold their breath the longest (Frank wins that one!), they dress up for Halloween together, and she writes Frank lullabies and valentines. But one day Frank doesn't come out from his hiding place and isn't interested in his fish food. A few days later he has died and she is inconsolable. Frank was her forever friend, and she could never love another fish. Or could she?"-- Amazon.ca. | |
| 650 | 0. | ‡aPet loss ‡vJuvenile fiction. | |
| 650 | 0. | ‡aPets ‡xDeath ‡vJuvenile fiction. | |
| 650 | 0. | ‡aFishes ‡vJuvenile fiction. | |
| 650 | 0. | ‡aFriendship ‡vJuvenile fiction. ‡0(LARL_NWRL_CONSORTIUM)164914 | |
| 650 | 0. | ‡aMothers and daughters ‡vJuvenile fiction. ‡0(LARL_NWRL_CONSORTIUM)173483 | |
| 655 | 7. | ‡aPicture books. ‡2lcgft | |
| 700 | 1 | . | ‡aBetawi, Aliaa, ‡eillustrator. |
| 901 | . | ‡a471522 ‡bAUTOGEN ‡c471522 ‡tbiblio | |

Add to basket
Permalink
Disable Highlighting